Kinh tế chính trị Mác-Lênin: phương thức sản xuất TBCN, chương trình trung cấp
Zapisane w:
| 1. autor: | |
|---|---|
| Format: | Książka |
| Język: | Undetermined |
| Wydane: |
Hà Nội
Sách giáo khoa Mác-Lênin
1976
|
| Hasła przedmiotowe: | |
| Etykiety: |
Dodaj etykietę
Nie ma etykietki, Dołącz pierwszą etykiete!
|
| Thư viện lưu trữ: | Trung tâm Học liệu Trường Đại học Cần Thơ |
|---|
| LEADER | 00661nam a2200169Ia 4500 | ||
|---|---|---|---|
| 001 | CTU_4751 | ||
| 008 | 210402s9999 xx 000 0 und d | ||
| 082 | |a 335.412 | ||
| 082 | |b V500/1977 | ||
| 100 | |a Vụ huấn học. Ban tuyên huấn Trung ương | ||
| 245 | 0 | |a Kinh tế chính trị Mác-Lênin: phương thức sản xuất TBCN, chương trình trung cấp | |
| 245 | 0 | |c Vụ huấn học. Ban tuyên huấn Trung ương | |
| 260 | |a Hà Nội | ||
| 260 | |b Sách giáo khoa Mác-Lênin | ||
| 260 | |c 1976 | ||
| 650 | |a communism,economic policy,socialism | ||
| 980 | |a Trung tâm Học liệu Trường Đại học Cần Thơ | ||